| 000 | 00920nam0a22002531 4500 | ||
|---|---|---|---|
| 001 | RU\NLR\INFOCOMM\LIB\15347 | ||
| 005 | 20250617205228.0 | ||
| 035 | _a(NLR Aleph) 004285587 | ||
| 090 |
_a2406489 _c2406489 |
||
| 100 | _a20011206d1952 |||y0rusy50 ca | ||
| 101 | 0 | _afin | |
| 102 | _aRU | ||
| 105 | _ay ||||000ay | ||
| 200 | 1 |
_aPuhe Neuvostoliiton kommunistisen puolucen (holshevikit) XIX Edustajakokouksessa _eLokakuun 7 pnä 1952 _fL.P.Berija |
|
| 210 |
_aPetroskoi _cKarjalais-Suomalaisen SNT:n valtion kustannusliike _d1952 |
||
| 215 |
_a32с. _d20см |
||
| 300 | _aНа обороте тит. л.:Л.П.Берия.Речь на XIX съезде ВКП(б) | ||
| 700 | 1 |
_4070 _7ba _8rus _aBerija _bL. P. _f1899-1953 _gLavrentij Pavlovič _9260013 _3RU\NLR\AUTH\770260069 |
|
| 801 | 1 |
_aRU _bInfoComm _c20011206 |
|
| 801 | 0 |
_aRU _bNLR _gPSBO |
|
| 852 |
_aNLR _bН _jФин/3-3675 |
||
| 942 | _cBOOK | ||
| 980 | _aNB | ||